| 000 | 00594nam a22002057a 4500 | ||
|---|---|---|---|
| 005 | 20170124110233.0 | ||
| 010 | _a083860 | ||
| 020 | _c00.00 | ||
| 035 | _a083860 | ||
| 037 | _bCen Lib/Ret | ||
| 040 |
_aDPL _bEN |
||
| 082 |
_a954.014 _bALT |
||
| 100 |
_aAltekar A. S _941690 |
||
| 245 |
_aCatalogue of the Gupta gold coins in the Bayana hoard / _cby A S Altekar |
||
| 260 |
_aBombay _bNumismatic Society of India _c1954 |
||
| 300 |
_a363p. _c24cm(Hb) |
||
| 650 |
_aGupta dynasty _941691 |
||
| 650 |
_aCoins, Indic -- Catalogs _941692 |
||
| 942 |
_2ddc _cEN _h954.014 _mALT |
||
| 999 |
_c134746 _d134746 |
||